000
00297nam a22001337a 4500
008
171019b xxu||||| |||| 00| 0 eng d
020
_a
9780155068698
041
_a
eng
080
_a
338
100
_a
54
101
_a
MEN
245
_a
CLASSICS ORGANIZATION THEORY
_c
OTT.J.S
942
_2
udc
_c
BK
999
_c
35015
_d
35015